| 000 | 00945nam0a22002291 4500 | ||
|---|---|---|---|
| 001 | rc\2689269 | ||
| 005 | 20260407080527.0 | ||
| 035 | _a(NLR Aleph) 006817565 | ||
| 090 |
_a6408951 _c6408951 |
||
| 100 | _a20110915d1933 |||y0rusy50 ca | ||
| 101 | 0 | _arus | |
| 102 | _aRU | ||
| 105 | _ay z ||||| | ||
| 200 | 1 | _aТехническая памятка доменщику, участнику второго Всесоюзного соревнования доменного и внутрицехового конкурса | |
| 210 |
_aЗлатоуст _cВыездная "Прол. мысль", "З. К." и "Стал." _d1933 _gтип. изд-ва "Пролет. мысль" |
||
| 215 |
_a31 с. _d15х10 см. |
||
| 710 | 0 | 2 |
_aЗлатоустовский металлургический завод _3RU\NLR\AUTH\8810040900 _9580998 |
| 801 | 0 |
_aRU _bNLR _gpsbo |
|
| 801 | 1 |
_aRU _bELAR _2rusmarc |
|
| 852 |
_aNLR _j33-8/2493 |
||
| 942 | _cBOOK | ||
| 980 | _aNB | ||